000 00938nam a2200229 a 4500
001 000029245
005 20210629083419.0
008 110414s1985 dr 000 0 spa d
040 _aDO-SdBNP
_bspa
_cBNPHU
082 _axxxx
_bR741, 1985
245 0 3 _aEl chapulín colorado y el chavo del ocho :
_bdos versiones y varios motivos en la TV dominicana /
_ceditores Onofre de la Rosa, Angelita de León, Santiago Gómez Monegro.
250 _a2a ed.
260 _aSanto Domingo :
_bUniversitaria,
_c1985.
300 _a30 p. : ;
_c21 cm.
490 1 _aPublicación de la Universidad Autónoma de Santo Domingo
_v367
490 1 _aCuaderno de comunicación social
_v5
700 1 _aRosa, Onofre de la
_953700
700 1 _aLeón, Angelita de
_927209
700 1 _aGómez Monegro, Santiago
_922483
830 _aPubliacaciones de la Universidad Autónoma de Santo Domingo
_v367
_956533
830 0 _aCuaderno de comunicación social
_v5
_955368
999 _c28737
_d28737